000 00619nam a2200157 a 4500
001 000044720
005 20201002045557.0
008 150107s2010 dr abc 000 0 spa d
040 _aDO-SdBNP
_bspa
_cBNPHU
082 _axxxx
_bxxxx
245 0 0 _aProyecto seguridad alimentaria en la frontera dominicana 2010 /
_cedición ; Marsie González.
260 _aSanto Domingo :
_bFundación para el desarrollo Comunitario Save the Children Dominicana,
_c2010.
300 _a78 p. :
_bil., mapas, retrs. ;
_c21 cm.
500 _aEn la cabeza del título: Sistematización de experiencia
700 1 _aGonzález, Marsie
_eed.
_972717
999 _c44209
_d44209